| 000 | 01346nam a22003617a 4500 | ||
|---|---|---|---|
| 003 | CHAP | ||
| 005 | 20220329133213.0 | ||
| 008 | 971013s1987 r 00010 d | ||
| 010 | _a3343 | ||
| 011 | _a4315 | ||
| 035 | _a3517 | ||
| 040 | _cCHAP | ||
| 090 | _aFolleto 11496 | ||
| 100 | 0 | 0 |
_aJoaquín Torres, Ignacio Candelario. _961728 |
| 245 | _aPungarabato, nueva variedad de ajonjolí para la Tierra Caliente de Guerrero y Michoacán | ||
| 260 |
_aCd. Altamirano, Gro. : _bINIFAP. Campo Experimental Tierra Caliente, _c1987 |
||
| 300 |
_a8 p. _b: ilus. : gráfs. |
||
| 490 |
_aINIFAP. Campo Experimental Valles Centrales. Folleto técnico _v; 1 |
||
| 500 | _ac.4 en bodega | ||
| 590 |
_aBATCH-UPD _b10 _c20130110 _lUCH01 _h1853 |
||
| 590 |
_aBATCH-UPD _b10 _c20130410 _lUCH01 _h1222 |
||
| 590 |
_aBATCH-UPD _b10 _c20130913 _lUCH01 _h2332 |
||
| 590 |
_aCONVERSION _b10 _c20130109 _lUCH01 _h1303 |
||
| 650 | 1 | 4 |
_aAjonjolí _xGuerrero. _93239 |
| 650 | 1 | 4 |
_aAjonjolí _xMichoacan. _93245 |
| 650 | 1 | 4 |
_aAjonjolí _xVariedades. _93256 |
| 830 | 0 |
_aINIFAP. Campo Experimental Valles Centrales. Folleto técnico _v; 1 _958691 |
|
| 901 | _aBK | ||
| 942 | _cFOLL | ||
| 949 |
_aFolleto 11496 _bBC _cFOLL _d-13038 _eTS1 _i3517 _si |
||
| 949 |
_aFolleto 11496 _bBC _cFOLL _d-57011 _eTS2 _fc.2 _i3517 _si |
||
| 949 |
_aFolleto 11496 _bBC _cFOLL _d-57012 _eTS2 _fc.3 _i3517 _si |
||
| 999 |
_c3343 _d3343 |
||